| 000 | 00879nam a2200265 i 4500 | ||
|---|---|---|---|
| 001 | 102708 | ||
| 003 | ES-MaACL | ||
| 005 | 20250726084104.0 | ||
| 007 | t| | ||
| 008 | 051129s2000 pr ||||1| spa d | ||
| 020 | _a1-881703-47-9 | ||
| 080 | _a821.134.2(729.5)-31"19" | ||
| 100 | 1 |
_aGonzález García, Matías. _958657 |
|
| 245 | 1 | 0 |
_aGuerra _b: una novela sobre la guerra del 1898 en Puerto Rico / _cMatías González García. |
| 250 | _a1ª ed. | ||
| 260 |
_aSan Juan de Puerto Rico : _bLEA, Ateneo Puertorriqueño, _c2000. |
||
| 300 |
_a146 p. ; _c22 cm. |
||
| 490 | 1 |
_aCuadernos del 98 ; _v14 |
|
| 650 | 4 |
_aGuerra hispano-americana, 1898- _vNovelas. _9171616 |
|
| 651 | 4 |
_aPuerto Rico- _xHistoria- _y1898. _99281 |
|
| 710 | 2 |
_aAteneo Puertorriqueño _92054 |
|
| 830 | 1 |
_aCuadernos del 98 ; _v14 _9184661 |
|
| 852 |
_aES-MaACL _jE-11180 |
||
| 999 |
_c102708 _d102708 |
||